书目信息 |
| 题名: |
政治理论精品教程
|
|
| 作者: | 岳华亭 主编 | |
| 分册: | ||
| 出版信息: | 北京 新华出版社 2008.08 |
|
| 页数: | 394页 | |
| 开本: | 20cm | |
| 丛书名: | ||
| 单 册: | ||
| 中图分类: | D0 | |
| 科图分类: | ||
| 主题词: | 政治理论 | |
| 电子资源: | ||
| ISBN: | 978-7-5011-8016-5 | |
| 000 | 00575nam0 2200217 45 | |
| 001 | 0936266187 | |
| 005 | 20091030100507.10 | |
| 010 | @a978-7-5011-8016-5@dCNY45.00 | |
| 100 | @a20090515d2008 ekmy0 y0120 ea | |
| 102 | @aCN@b130000 | |
| 102 | @aCN@b110000 | |
| 105 | @ay z 000yy | |
| 200 | 1 | @a政治理论精品教程@f岳华亭主编@Fyue hua ting zhu bian |
| 210 | @a北京@c新华出版社@d2008.08 | |
| 215 | @a394页@d20cm | |
| 606 | 0 | @a政治理论 |
| 690 | @aD0@v4 | |
| 701 | 0 | @a岳华亭@Ayue hua ting@4主编 |
| 801 | 0 | @aCN@c20091030 |
| 905 | @a10447@dD0@eY9481 | |
| 906 | @d45@n3@r1 | |
| 政治理论精品教程/岳华亭主编.-北京:新华出版社,2008.08 |
| 394页;20cm |
| ISBN 978-7-5011-8016-5:CNY45.00 |
| ● |
| 相关链接 |
|
|
|
正题名:政治理论精品教程
索取号:D0/Y9481
 
预约/预借
| 序号 | 登录号 | 条形码 | 馆藏地/架位号 | 状态 | 备注 |
| 1 | 895682 | 208956824 | 社科库509/509社科库 67排2列4层/ [索取号:D0/Y9481] | 在馆 | |
| 2 | 895683 | 208956833 | 社科库509/509社科库 67排2列4层/ [索取号:D0/Y9481] | 在馆 | |
| 3 | 895684 | 208956842 | 社科库509/509社科库 67排2列4层/ [索取号:D0/Y9481] | 在馆 |